000 00855nam a2200253Ia 4500
003 OSt
005 20220923211150.0
006 a|||||r|||| 00| 0
007 ta
008 Pun
020 _a8187645227X (hbk)
_c390
024 _a284,597
037 _b921, 20/03/2015, H.K. Prakashan
_cTextual
040 _aARTS
_cARTS
_bPun
041 _2Pun
_aPun
082 _aP153:4, 153Q1
100 _aਬਾਸੀ, ਨਿਰਮਲ ਸਿੰਘ
_9156315
245 0 _aਅਨੇਕ ਅਰਥਤਾ ਅਤੇ ਪੰਜਾਬੀ ਭਾFਾ
260 _aਦਿੱਲੀ
_b ਮਨਪ੍ਰੀਤ ਪ੍ਰਕਾFਨ
_c2011
300 _a216ਪੰ
_ccm.
650 _aਪੰਜਾਬੀ ਭਾFਾ
_9158992
942 _hP153:4, 153Q1
_cTEXL
_2CC
999 _c296202
_d296202